banner koha

Morretes e suas possibilidades [agropecuaria, Parana, Brasil] (Registro n. 11751)

MARC details
000 -LÍDER
Campo de controle fixo 00867nam a22003137a 4500
001 - NÚMERO DE CONTROLE
Número de controle BR6002584
003 - CÓDIGO MARC DA AGÊNCIA CATALOGADORA
Campo de controle BR-BrBNA
005 - DATA E HORA DA ÚLTIMA ATUALIZAÇÃO
Campo de controle 20240108115239.0
008 - CAMPO DE TAMANHO FIXO
Campo fixo de controle 230509b bl.||||| |||| 00| 0 por d
040 ## - FONTE DA CATALOGAÇÃO
Agência catalogadora BR-BrBNA
Idioma da catalogação por
041 ## - CÓDIGO DO IDIOMA
Código do Idioma por
072 ## - CATEGORIA AGRIS
Código da categoria de assunto/objeto <a href="A00; E10">A00; E10</a>
090 ## - NÚMERO DE CHAMADA
Código BR BR6002584
Localização na estante A00
100 1# - ENTRADA PRINCIPAL - NOME PESSOAL
Nome pessoal Lima, S.G. de C.
100 1# - ENTRADA PRINCIPAL - NOME PESSOAL
Nome pessoal Elfes, A.
100 1# - ENTRADA PRINCIPAL - NOME PESSOAL
Nome pessoal Gerber, H.Y.
100 1# - ENTRADA PRINCIPAL - NOME PESSOAL
Nome pessoal Pires, J.O.
110 1# - ENTRADA PRINCIPAL - ENTIDADE
Nome da entidade ou lugar Instituto Nacional de Colonizacao e Reforma Agraria, Curitiba, PR (Brasil)
9 (RLIN) 6426
245 1# - TÍTULO PRINCIPAL
Título principal Morretes e suas possibilidades [agropecuaria, Parana, Brasil]
260 3# - IMPRENTA (PUBLICAÇÃO, DISTRIBUIÇÃO, ETC.)
Lugar de publicação, distribuição, etc. Curitiba, PR (Brasil):
Data de publicação, distribuição, etc 1970.
300 ## - DESCRIÇÃO FÍSICA
Extensão 135 p.
650 ## - ASSUNTO - THESAGRO
Cabeçalho tópico ou nome geográfico AGRICULTURA
650 ## - ASSUNTO - THESAGRO
Cabeçalho tópico ou nome geográfico PECUARIA
650 ## - ASSUNTO - THESAGRO
Cabeçalho tópico ou nome geográfico DESENVOLVIMENTO ECONOMICO
650 ## - ASSUNTO - THESAGRO
Cabeçalho tópico ou nome geográfico PARANA
909 ## - IDENTIFICAÇÃO DO CATALOGADOR
Ano e mês da catalogação (aaaamm) 12/2024
Identificação do catalogador Sarah
942 ## - TIPO ESPECÍFICO
Tipo de material Livros
952 ## - LOCATION AND ITEM INFORMATION (KOHA)
-- 2023-09-25
-- 2023-09-25
-- Portaria Interministerial nº 164/94
Exemplares
Status de empréstimo Fonte de classificação Status de danificação Não pode ser emprestado Localização permanente Localização atual Total Checkouts Número de chamada Código de barras Número de exemplar Tipo de material Perdido
  Classificação AGRIS     Biblioteca Nacional de Agricultura - Binagri Biblioteca Nacional de Agricultura - Binagri   A00 BR6002584 A00 BR6002584 01 Livros  

BINAGRI

Telefone: (61)3218-2567/2388/3357/2097 - binagri@agro.gov.br

Ministério da Agricultura e Pecuária , Esplanada dos Ministérios, Bloco D, Anexo B, Brasília/DF, CEP: 70.043-900